Bâle - Choix Multiples - Statistiques

Statistiques générales
  • Ce quiz a été pris 2 143 fois
    2 110 depuis la dernière actualisation
  • Le résultat moyen est 6 sur 10
Statistiques - réponses
Question Réponse % Correct
Quel fleuve traverse la ville de Bâle ? Rhin
80%
Selon son nom, avec quelle ville Bâle partage son aéroport ? Mulhouse
77%
Quelle industrie représente de nombreux emplois et une grande partie du PIB de la ville, avec des entreprises comme Roche ou Novartis ? Pharma
77%
Dans quel tournoi du Grand-Chelem Roger Federer, natif de Bâle, a-t-il soulevé le plus de titres ? Wimbledon
73%
De quelle couleur caractéristique est le Rathaus de Bâle ? Rouge
64%
Laquelle de ces photos de célébrations a été prise au carnaval de Bâle ?
62%
Lequel de ces joueurs de classe mondiale n'a PAS joué pour le FC Bâle ? Robert Lewandowski
60%
Dans quel domaine s'illustre Pierre de Meuron, né et célébré à Bâle ? Architecture
55%
Qui apporta de nombreux savoir-faire à la ville au XVIIe siècle ? Des exilés huguenots
52%
Qu'est-ce qui est surnommé le Zolli par les Bâlois ? Le zoo de Bâle
21%
Aucun quiz correspondant
Distribution des résultats
% des personnes avec chaque résultat
Percentile par nombre de réponses
Votre historique - résultats
Vous n’avez pas pris ce quiz depuis la dernière actualisation